Gula-gula awan

Bibliographic Details
Main Author: Azlan Andi
Format: Book
Published: Qawiy Global Resources , 2018
Subjects:

MARC

LEADER 00000cam a2200000 7i4500
001 0000084488
005 20191203.0
008 191203
020 |a 9789671545324 
041 0 |a Malay 
090 0 0 |a AZl   |b MAL 
100 0 |a Azlan Andi 
245 0 0 |a Gula-gula awan   |c Azlan Andi 
260 |b Qawiy Global Resources ,   |c 2018 
300 |a 140 p. ;   |c 21 cm. 
541 0 0 |c Purchased on 2019   |f 2019/150 ANL   |h RM25.00 
650 0 |a Malay fiction 
999 |a 0001605470   |b Book   |c Adult Collection   |e Cawangan Taman Sri Lambak 
999 |a 0001605471   |b Book   |c Adult Collection   |e Cawangan Bandar Penawar 
999 |a 0001605472   |b Book   |c Adult Collection   |e Cawangan Muar 
999 |a 0001605473   |b Book   |c Adult Collection   |e Cawangan Pontian 
999 |a 0001605475   |b Book   |c Adult Collection   |e Cawangan Bandar Tenggara 
999 |a 0001605476   |b Book   |c Adult Collection   |e Cawangan Tmn. Ungku Tun Aminah 
999 |a 0001605477   |b Book   |c Adult Collection   |e Cawangan Bukit Gambir 
999 |a 0001605478   |b Book   |c Adult Collection   |e Cawangan Taman Universiti 
999 |a 0001605479   |b Book   |c Adult Collection   |e Cawangan Segamat 
999 |a 0001605480   |b Book   |c Adult Collection   |e Cawangan Kota Tinggi 
999 |a 0001605481   |b Book   |c Adult Collection   |e Cawangan Batu Pahat 
999 |a 0001605482   |b Book   |c Adult Collection   |e Cawangan Tangkak 
999 |a 0001605483   |b Book   |c Adult Collection   |e Cawangan Mersing 
999 |a 0001605612   |b Book   |c Adult Collection   |e Perbadanan Perpustakaan Awam Johor 
999 |a 0001605613   |b Book   |c Adult Collection   |e Cawangan Urban Transformation Centre 
999 |a 0001605614   |b Book   |c Adult Collection   |e Cawangan AEON Kulaijaya